00203nam a2200085Ia 4500008004100000245002400041260002200065440000600087521002400093140130s9999 xx 000 0 und d cPaulsen, GaryaGuts bScholastic,c2001 v1 aGrade 10 - Grade 15